00724 2200253 4500001002100000005001700021008004100038035002400079040001200103082001000115084002000125090002100145100002200166245007300188250001600261260002700277300002600304440003400330500003300364650001900397850001200416990002100428990002100449YOGYA-0209000005801520161026080320.0 ind  0010-020900000058015 aYOPDYOG a330.1 aDEP 330.1 Wij K aDEP 330.1bWij K aWIJAYA, M. Faried aKompendium ekonomikabterutama untuk para nonekonomcFaried Wijaya M aEd.1, cet.1 aYogyakartabBPFEc1992 a4 volumebilusc24 cm a(Seri Kependidikan Ekonomika) aYang diterima : Vol. 1,2,3,4 aEkonomi, teori aYOPDYOG aCB-D.11/1992-148 aCB-D.11/1992-149